| Tag |
First Indicator |
Second Indicator |
Subfields |
| LEADER |
00000pam a2200000 a 4500 |
| 001 |
in00000075093 |
| 005 |
20151008060309.0 |
| 008 |
810824s1982 moua b 00110 eng |
| 010 |
|
|
|a 81014099
|
| 020 |
|
|
|a 0801627451
|
| 035 |
|
|
|a (OCoLC)07774126
|
| 035 |
|
|
|9 AAJ5492AM
|
| 039 |
0 |
|
|a 2
|b 3
|c 3
|d 3
|e 3
|
| 040 |
|
|
|a DLC
|c DLC
|d TXA
|d UtOrBLW
|
| 049 |
|
|
|a TXAM
|c [952129]
|
| 050 |
0 |
0 |
|a GV182.15
|b .K72 1982
|
| 082 |
0 |
|
|a 790/.06/9
|2 19
|
| 100 |
1 |
|
|a Kraus, Richard G.
|
| 245 |
1 |
0 |
|a Creative management in recreation and parks /
|c Richard G. Kraus, Joseph E. Curtis.
|
| 250 |
|
|
|a 3rd ed.
|
| 264 |
|
1 |
|a St. Louis :
|b Mosby,
|c 1982.
|
| 300 |
|
|
|a xiii, 397 pages :
|b illustrations ;
|c 24 cm.
|
| 336 |
|
|
|a text
|b txt
|2 rdacontent
|
| 337 |
|
|
|a unmediated
|b n
|2 rdamedia
|
| 338 |
|
|
|a volume
|b nc
|2 rdacarrier
|
| 500 |
|
|
|a First-2nd eds. published as: creative administration in recreation and parks.
|
| 500 |
|
|
|a Includes indexes.
|
| 504 |
|
|
|a Bibliography: pages 381-384.
|
| 650 |
|
0 |
|a Recreation
|x Management.
|
| 650 |
|
0 |
|a Parks
|x Management.
|
| 700 |
1 |
|
|a Curtis, Joseph E.,
|d 1922-
|
| 999 |
|
|
|a MARS
|
| 999 |
f |
f |
|s b2ed0342-df77-3c9f-aafc-6ee5be2d4fd2
|i 79de084f-8cca-364d-80a7-04f2b67ad717
|t 0
|
| 952 |
f |
f |
|p ric
|a Texas A&M University
|b Rellis Campus
|c Joint Library Facility
|d Remote Storage
|t 0
|e GV182.15 .K72 1982
|h Library of Congress classification
|i unmediated -- volume
|m A14806115347
|
| 998 |
f |
f |
|a GV182.15 .K72 1982
|t 0
|l Remote Storage
|